|
|
|
|
| LEADER |
04092nam a2200649 4500 |
| 001 |
978-3-030-33816-9 |
| 003 |
DE-He213 |
| 005 |
20191116131301.0 |
| 007 |
cr nn 008mamaa |
| 008 |
191116s2019 gw | s |||| 0|eng d |
| 020 |
|
|
|a 9783030338169
|9 978-3-030-33816-9
|
| 024 |
7 |
|
|a 10.1007/978-3-030-33816-9
|2 doi
|
| 040 |
|
|
|d GrThAP
|
| 050 |
|
4 |
|a TA1671-1707
|
| 050 |
|
4 |
|a TA1501-1820
|
| 072 |
|
7 |
|a PHJ
|2 bicssc
|
| 072 |
|
7 |
|a SCI053000
|2 bisacsh
|
| 072 |
|
7 |
|a PHJ
|2 thema
|
| 072 |
|
7 |
|a TTB
|2 thema
|
| 082 |
0 |
4 |
|a 621.36
|2 23
|
| 100 |
1 |
|
|a Talebi, Nahid.
|e author.
|4 aut
|4 http://id.loc.gov/vocabulary/relators/aut
|
| 245 |
1 |
0 |
|a Near-Field-Mediated Photon-Electron Interactions
|h [electronic resource] /
|c by Nahid Talebi.
|
| 250 |
|
|
|a 1st ed. 2019.
|
| 264 |
|
1 |
|a Cham :
|b Springer International Publishing :
|b Imprint: Springer,
|c 2019.
|
| 300 |
|
|
|a XV, 260 p.
|b online resource.
|
| 336 |
|
|
|a text
|b txt
|2 rdacontent
|
| 337 |
|
|
|a computer
|b c
|2 rdamedia
|
| 338 |
|
|
|a online resource
|b cr
|2 rdacarrier
|
| 347 |
|
|
|a text file
|b PDF
|2 rda
|
| 490 |
1 |
|
|a Springer Series in Optical Sciences,
|x 0342-4111 ;
|v 228
|
| 505 |
0 |
|
|a Introduction -- Electron-Light Interactions -- Electron-Induced Domain -- Toroidal Moments Probed by Electron Beams -- Optical Modes of Gold Tapers Probed by Electron Beams -- Optical Excitations in the Topological Insulator Bi2Se3 -- Photon-Induced and Photon- Assisted Domains -- Electron Light Interactions beyond Adiabatic Approximations.
|
| 520 |
|
|
|a This book focuses on the use of novel electron microscopy techniques to further our understanding of the physics behind electron-light interactions. It introduces and discusses the methodologies for advancing the field of electron microscopy towards a better control of electron dynamics with significantly improved temporal resolutions, and explores the burgeoning field of nanooptics - the physics of light-matter interaction at the nanoscale - whose practical applications transcend numerous fields such as energy conversion, control of chemical reactions, optically induced phase transitions, quantum cryptography, and data processing. In addition to its development of analytical and numerical techniques for exploring the theoretical basis of electron-light interactions, this book showcases some relevant case studies, such as optical modes in gold tapers probed by electron beams and investigations of optical excitations in the topological insulator Bi2Se3. The experiments described in this book provide an impetus to better develop relevant theoretical models, benchmark current approximations, and develop even more characterization tools based on coherent electron-light interactions.
|
| 650 |
|
0 |
|a Lasers.
|
| 650 |
|
0 |
|a Photonics.
|
| 650 |
|
0 |
|a Spectroscopy.
|
| 650 |
|
0 |
|a Microscopy.
|
| 650 |
|
0 |
|a Atoms.
|
| 650 |
|
0 |
|a Physics.
|
| 650 |
|
0 |
|a Optical materials.
|
| 650 |
|
0 |
|a Electronic materials.
|
| 650 |
|
0 |
|a Nanoscale science.
|
| 650 |
|
0 |
|a Nanoscience.
|
| 650 |
|
0 |
|a Nanostructures.
|
| 650 |
1 |
4 |
|a Optics, Lasers, Photonics, Optical Devices.
|0 http://scigraph.springernature.com/things/product-market-codes/P31030
|
| 650 |
2 |
4 |
|a Spectroscopy and Microscopy.
|0 http://scigraph.springernature.com/things/product-market-codes/P31090
|
| 650 |
2 |
4 |
|a Atoms and Molecules in Strong Fields, Laser Matter Interaction.
|0 http://scigraph.springernature.com/things/product-market-codes/P24025
|
| 650 |
2 |
4 |
|a Optical and Electronic Materials.
|0 http://scigraph.springernature.com/things/product-market-codes/Z12000
|
| 650 |
2 |
4 |
|a Nanoscale Science and Technology.
|0 http://scigraph.springernature.com/things/product-market-codes/P25140
|
| 710 |
2 |
|
|a SpringerLink (Online service)
|
| 773 |
0 |
|
|t Springer eBooks
|
| 776 |
0 |
8 |
|i Printed edition:
|z 9783030338152
|
| 776 |
0 |
8 |
|i Printed edition:
|z 9783030338176
|
| 776 |
0 |
8 |
|i Printed edition:
|z 9783030338183
|
| 830 |
|
0 |
|a Springer Series in Optical Sciences,
|x 0342-4111 ;
|v 228
|
| 856 |
4 |
0 |
|u https://doi.org/10.1007/978-3-030-33816-9
|z Full Text via HEAL-Link
|
| 912 |
|
|
|a ZDB-2-PHA
|
| 950 |
|
|
|a Physics and Astronomy (Springer-11651)
|